000
00285nam a22001097a 4500
020
_a
0-85229-163-9
082
_a
030 GRE'H
100
_a
PASCAL, B LAISE
_9
77504
245
_a
THE PROVINCIAL LETTERS PENSEES SCIENTIFIC TREATISES
260
_a
CHICAGO
_b
WILLIAM BENTON
_c
1952
942
_c
BK
999
_c
582765
_d
582765